Online
Catalog

Concepto teórico de la renta / (Record no. 31122)

MARC details
000 -CABECERA
campo de control de longitud fija 00517nam a2200169 a 4500
001 - NÚMERO DE CONTROL
campo de control 000031630
005 - FECHA Y HORA DE LA ÚLTIMA TRANSACCIÓN
campo de control 20200930063049.0
008 - DATOS DE LONGITUD FIJA--INFORMACIÓN GENERAL
campo de control de longitud fija 110628s1951 dr 000 0 spa d
040 ## - FUENTE DE LA CATALOGACIÓN
Centro catalogador/agencia de origen DO-SdBNP
Lengua de catalogación spa
Centro/agencia transcriptor BNPHU
049 ## - FONDOS LOCALES (OCLC)
Fondos de biblioteca BNPD
100 1# - ENTRADA PRINCIPAL--NOMBRE DE PERSONA
Nombre de persona Ortíz, S. Salvador
9 (RLIN) 7930
245 10 - MENCIÓN DE TÍTULO
Título Concepto teórico de la renta /
Mención de responsabilidad, etc. S. Salvador Ortíz.
260 ## - PUBLICACIÓN, DISTRIBUCIÓN, ETC.
Lugar de publicación, distribución, etc. Santo Domingo :
Nombre del editor, distribuidor, etc. Secretaría de Estado de Finanzas,
Fecha de publicación, distribución, etc. [1951]?
300 ## - DESCRIPCIÓN FÍSICA
Extensión 1951 ;
Dimensiones 23 cm.
490 1# - MENCIÓN DE SERIE
Mención de serie Material técnico
Designación de volumen o secuencia 4
830 #0 - PUNTO DE ACCESO ADICIONAL DE SERIE-TÍTULO UNIFORME
Título uniforme Material técnico
Designación de volumen o secuencia 4
9 (RLIN) 57938
Holdings
Estado de retiro Estado de pérdida No para préstamo Código de colección Localización permanente Ubicación/localización actual Ubicación en estantería Fecha de adquisición Número de inventario Total de préstamos Signatura topográfica completa Código de barras Fecha visto por última vez Precio válido a partir de Tipo de ítem Koha
    Excluido de préstamo Patrimonio Dominicano Patrimonio Dominicano Patrimonio Dominicano En catalogación 28.06.2011 LF1   31630-10 25.06.2020 25.06.2020 Libro y Folleto Colección Patrimonio Dominicano

Powered by Koha